| 000 | 01970cam a22004574i 4500 | ||
|---|---|---|---|
| 003 | PE-LiUPU | ||
| 005 | 20250731173116.0 | ||
| 008 | 190716s2004 ag a r 000 0 spa d | ||
| 020 | _a9875670456 | ||
| 020 | _a9789875670457 | ||
| 035 | _a(Sirsi) a252314 | ||
| 040 |
_aPE-LiUPU _bspa _cPE-LiUPU _erda |
||
| 049 | _aPRUA | ||
| 082 | 0 | 4 |
_a248.5 _bM32 _221 |
| 100 | 1 |
_aMayr, Hans, _eautor. |
|
| 245 | 1 | 4 |
_aEl abuelito Hans / _cHans Mayr. |
| 264 | 1 |
_aBuenos Aires : _bAsociación Casa Editora Sudamericana, _c2004. |
|
| 300 |
_a235 páginas : _bilustraciones ; _c20 centímetros |
||
| 336 |
_atext _2rdacontent |
||
| 337 |
_aunmediated _2rdamedia |
||
| 338 |
_avolume _2rdacarrier |
||
| 505 | 0 | _aPrimeros años en Ulm -- En cas de los Huber -- Una decisión conflictiva -- Primeras experiencias en el Brasil -- La 'Escuela de los golpes duros' -- Victorias de la fe -- Aventuras de estudiantes -- Riesgos de la misión -- Luna de miel en misión -- La Ulm am Der Donau -- Conquistadores para jesús -- Peripecias en la selva -- Leo halliwell, un hombre oportuno -- De regreso al hogar -- Nuevas aventurasw misioneras en el Brasil -- En las huellas de pablo -- Dios encauza la vida -- Una decisión dolorosa -- Rumbo a un nuevo campo misionero -- "asta aquí nos ayudó el Señor". | |
| 526 | _aSEG42 | ||
| 526 | _aSEG41 | ||
| 526 | _aSEG40 | ||
| 526 | _aSEG39 | ||
| 526 | _aP94 | ||
| 526 | _aP87 | ||
| 526 | _aP86 | ||
| 526 | _aP85 | ||
| 526 | _aP77 | ||
| 526 | _aP76 | ||
| 526 | _aP35 | ||
| 650 | 0 | 7 |
_aMayr, Hans _vAutobiografía. |
| 910 |
_adbm _bksl _cksl _d20190716 |
||
| 942 |
_2ddc _cBOOK |
||
| 994 |
_aC0 _bPEPRU |
||
| 596 | _a1 | ||
| 999 |
_a248.5 M32 _wLC _c31542 _i80291 _f2021-11-8 _g3 _lCCODEBUL1 _mBUL _p15.00 _r0 _sY _tBOOK _u2019-7-16 _xEDUCACION _PP20 _0COMPRA _o.STAFF. Colección Ciencias Humanas y Educación _d31542 |
||
| 980 |
_81 _gALBERTO SANCHEZ Responsable de Automatización |
||